01692nam a2200289 a 450000100100000000500170001000800410002704000250006808200200009310000440011324500730015726000340023030000280026450000640029259000260035665000280038265000310041070000390044171000510048091000380053195201330056995201330070295201330083595201910096895202260115999900170138500001045120240412074218.0091007t1983 dr a r 001 p spa d aDO-SdBNPbspacBNPHU aRD861.44bG146c1 aGalán, Tomás Modesto,d1951-92545610aCenizas del viento /cTomás Modesto ; prólogo Víctor Villegas. aSanto Domingo :bUASD,c1983. a106 p. :bil. ;c21 cm. aIncluye datos biográficos del autor en la contracubierta. aInventariado, 2018/BT 0aPoesía dominicana966 0aLiteratura dominicana.9671 aVillegas, Víctor,epról.977441 aUniversidad Autónoma de Santo Domingo972951 aValidado. Control de calidad. EMS 001054708DSaGRbGRcHDd2009-10-07iLF1l0oRD861.44 G146cp10451-30r2020-06-25te. 3w2020-06-25yLFDSZPréstamo en sala 001054708DSaGRbGRcHDd2009-10-07iLF1l0oRD861.44 G146cp10451-40r2020-06-25te. 4w2020-06-25yLFDSZPréstamo en sala 001054708DSaGRbGRcHDd2009-10-07iLF1l0oRD861.44 G146cp10451-50r2020-06-25te. 5w2020-06-25yLFDSZPréstamo en sala 0010718PDaPDbPDcHDd2009-10-07iLF1l0oRD861.44 G146cp10451-10r2020-06-25w2020-06-25yLFPDzPerteneció a la biblioteca personal de Aída Cartagena Portalatín.ZNo se presta 0010718PDaPDbPDcHDd2009-10-07iLF1l0oRD861.44 G146cp10451-20r2020-06-25te. 2w2020-06-25yLFPDzPerteneció a la biblioteca personal de Juan Isidro Jiménez Grullón. autografiado por el autor.ZNo se presta c10210d10210